| 000 | 00478nam a22001817a 4500 | ||
|---|---|---|---|
| 005 | 20260219094630.0 | ||
| 008 | 260219b |||||||| |||| 00| 0 eng d | ||
| 020 | _a9781119845782 | ||
| 050 |
_aQ161.2 _b.T74 |
||
| 100 | _aTrefil, James | ||
| 245 | _aThe Sciences an Integrated Approach | ||
| 250 | _a9th | ||
| 260 |
_aUSA _bWiley _c2023 |
||
| 300 |
_axxxi,716p. _billus |
||
| 650 |
_aintegrated science _vscience study and teaching |
||
| 700 | _aHazen, M. Robert | ||
| 942 | _cBK | ||
| 999 |
_c4541 _d4541 |
||